=LDR 00000nam 2200000 4500 =001 INLIS000000000040974 =005 20130612150528 =008 ***********************************ind** =035 ##$$0010-061300000040974 =041 ##$$a ind =082 ##$$a 746 =090 ##$$a 746, Dam l =100 ##$$a DAMAYANTI, Nur Astri =245 ##$$a Lipat kain untuk seserahan seni lipat untuk hari bahagia anda, Nur astri dmayanti =260 ##$$a 2009 $b Jakarta =300 ##$$a Iv,59 Hlm, Ilus, 24 cm =650 ##$$a KERAJINAN TANGAN =850 ##$$a NBPNMAT =990 ##$$a 0001/BPAP-NTB/20142015